| 000 | 01799cam a2200421 i 4500 | ||
|---|---|---|---|
| 001 | 9066 | ||
| 003 | FISKH | ||
| 005 | 20251118142342.0 | ||
| 008 | 210825s2011 enka j 000 0 eng | ||
| 010 | _a 2019302836 | ||
| 020 |
_a9780194645041 _q(pbk.) |
||
| 020 |
_a0194645045 _q(pbk.) |
||
| 020 | _z9780194022286 | ||
| 020 | _z9780194645041 | ||
| 020 | _z0194022285 | ||
| 020 |
_z9780194645140 _q(Activity book) |
||
| 020 |
_z0194645142 _q(Activity book) |
||
| 035 | _a22190980 | ||
| 040 |
_aDLC _beng _erda _cDLC |
||
| 050 | 0 | 0 |
_aN7440 _b.N673 2011 |
| 082 | _a428.75 | ||
| 100 | 1 |
_aNorthcott, Richard, _eauthor. |
|
| 245 | 1 | 0 |
_aOur world in art / _cRichard Northcott. |
| 260 |
_aNew York : _bOxford University Press, _c2011. |
||
| 300 |
_a56 pages : _bcolor illustrations ; _c21 cm. |
||
| 490 | 0 |
_aOxford read and discover. _vDiscover! 5 |
|
| 505 | _aR | ||
| 520 | _aThis exciting new series of non-fiction readers provides interesting and educational content, with activities and project work. The readers are graded at four levels, from 3 to 6, suitable for students from age 8 and older. They can support Content and Language Integrated Learning (CLIL), andcover a broad range of topics, within three curriculum areas:The World of Science and TechnologyThe Natural WorldThe World of Arts and Social StudiesAlso available for each reader:Activity BookAudio CD Pack | ||
| 521 | 8 |
_a670
_bLexile |
|
| 521 | 8 |
_aR
_bRaz-Plus |
|
| 650 | 0 |
_aArt _vJuvenile literature. |
|
| 650 | 0 |
_aEnglish language _vProblems, exercises, etc. _vJuvenile literature. |
|
| 650 | 0 | _aReaders (Elementary) | |
| 655 | 7 |
_aLiterature. _2lcgft _0https://id.loc.gov/authorities/genreForms/gf2014026415 |
|
| 906 |
_a7 _bcbc _corigres _d2 _encip _f20 _gy-gencatlg |
||
| 942 |
_2ddc _cBK _n0 |
||
| 999 |
_c9066 _d9066 |
||